Politika hospodárskej súťaže v Európskej únii
Štyri oblasti súťažného práva: dohody obmedzujúce súťaž, zneužívanie dominantného postavenia, kontrola koncentrácií a kontrola štátnej pomoci. Základná právna úprava európskeho súťažného práva je zakotvená v Zmluve o fungovaní EÚ, v Hlave VII s názvom Spoločné pravidlá pre hospodársku súťaž, zdaňova...
Guardado en:
| Autor principal: | |
|---|---|
| Formato: | Capítulo de libro |
| Lenguaje: | eslovaco |
| Materias: | |
| Etiquetas: |
Sin Etiquetas, Sea el primero en etiquetar este registro!
|
MARC
| LEADER | 00000naa$a2200000$$$4500 | ||
|---|---|---|---|
| 001 | 0248857 | ||
| 005 | 20240712111103.6 | ||
| 041 | 0 | |a slo | |
| 044 | |a PL | ||
| 245 | 1 | 0 | |a Politika hospodárskej súťaže v Európskej únii |c Eleonóra Matoušková |
| 520 | |a Štyri oblasti súťažného práva: dohody obmedzujúce súťaž, zneužívanie dominantného postavenia, kontrola koncentrácií a kontrola štátnej pomoci. Základná právna úprava európskeho súťažného práva je zakotvená v Zmluve o fungovaní EÚ, v Hlave VII s názvom Spoločné pravidlá pre hospodársku súťaž, zdaňovanie a aproximáciu práva. | ||
| 610 | 2 | 0 | |a súťaž hospodárska |
| 610 | 2 | 0 | |a právo |
| 610 | 2 | 0 | |a právo súťažné |
| 610 | 2 | 0 | |a legislatíva |
| 610 | 2 | 0 | |a zákony |
| 610 | 2 | 0 | |a politika |
| 610 | 2 | 0 | |a konkurencia |
| 610 | 2 | 0 | |a koncentrácia |
| 610 | 2 | 0 | |a kontrola |
| 610 | 2 | 0 | |a monopoly |
| 610 | 2 | 0 | |a pomoc štátna |
| 610 | 2 | 0 | |a Európska únia |
| 100 | 1 | |a Matoušková, Eleonóra, 1962- | |